Guess North American Flags #2 - Statistics

General Stats
  • This quiz has been taken 50 times
  • The average score is 6 of 7
Answer Stats
Picture Answer % Correct
Saint Lucia
94%
Saint Kitts and Nevis
91%
Dominica
88%
Trinidad and Tobago
84%
Antigua and Barbuda
81%
Grenada
81%
Saint Vincent and the Grenadines
81%
No matching quizzes found
Score Distribution
Percent of People with Each Score
Percentile by Number Answered
Your Score History
You have not taken this quiz